| 000 | 01796nam a2200517 i 4500 | ||
|---|---|---|---|
| 001 | 4143 | ||
| 003 | KOSZ 005 | ||
| 005 | 20200422084639.0 | ||
| 008 | 000320s1979 pl a |001 0 pol | ||
| 015 | _aUWD 1980/1445 | ||
| 020 | _a8301002751 | ||
| 035 | _a991013263999705066 | ||
| 035 | _a(PL-WaBN)b13577220-48omnis_nlop | ||
| 035 | _ab13577220 | ||
| 035 | _a(OCoLC)830948205 | ||
| 035 | _a(PL)b0000001357722 | ||
| 035 | _a(EXLNZ-48OMNIS_NETWORK)9910067194105606 | ||
| 040 |
_aWA N _cWA N _dKOSZ 005/AR |
||
| 041 | 0 | _apol | |
| 044 | _apl | ||
| 046 | _k1979 | ||
| 080 | _a517 | ||
| 080 | _a(075.8) | ||
| 100 | 1 |
_aKołodziej, Witold _d(1930-2011) _eAutor |
|
| 245 | 1 | 0 |
_aAnaliza matematyczna : _b[podręcznik dla studentów wydziałów matematyczno-fizycznych wyższych szkół technicznych] / _cWitold Kołodziej. |
| 250 | _aWydanie 2. | ||
| 260 |
_aWarszawa : _bPaństwowe Wydawnictwo Naukowe, _c1979. |
||
| 300 |
_a510, [1] strona : _bilustracje ; _c25 cm. |
||
| 336 |
_aTekst _btxt _2rdacontent |
||
| 337 |
_aBez urządzenia pośredniczącego _bn _2rdamedia |
||
| 338 |
_aWolumin _bnc _2rdacarrier |
||
| 380 | _aKsiążki | ||
| 388 | _a1901-2000 | ||
| 388 | _a1945-1989 | ||
| 490 | 1 | _aMatematyka dla Politechnik | |
| 504 | _aBibliografia na stronie 502. Indeks. | ||
| 521 | _aDla studentów wydziałów matematyczno-fizycznych wyższych szkół technicznych. | ||
| 650 | 7 |
_aAnaliza matematyczna _2DBN |
|
| 655 | 7 |
_aPodręczniki akademickie _2DBN |
|
| 658 | _aMatematyka | ||
| 710 |
_aPaństwowe Wydawnictwo Naukowe _4pbl |
||
| 830 | 0 | _aMatematyka dla Politechnik | |
| 856 |
_uhttp://koha.tu.koszalin.pl/cgi-bin/koha/opac-detail.pl?biblionumber=4143 _yKatalog online BPK |
||
| 942 |
_2UKD _cKS |
||
| 999 |
_c4143 _d4143 |
||